• 首页
  • 本馆介绍
  • 公告通知
  • 最新文献
  • 馆藏检索
  • 电子资源
  • 读者导购
  • 参考咨询
  • 我的图书馆
  • 登录
  • 详细信息显示
  • 放入我的书架
  • 预约/预借图书
  • 作者相关作品
  • 分类相关作品
  • 丛书相关作品
  • 出版社相关作品

书目信息

  • 表格格式
  • 工作单格式
  • 卡片格式
题名:
民法(总论)教学案例
    
 
作者: 张纯 编
分册:  
出版信息: 厦门   厦门大学出版社  2014.1
页数: 295页
开本: 23cm
丛书名:
单 册:
中图分类: D923.05
科图分类:
主题词: 民法--案例--中国 , 民法
电子资源:
ISBN: 978-7-5615-4916-2
000 00830nam0 2200253 450
001 524
005 20140908083628.96
010    @a978-7-5615-4916-2@dCNY36.00
100    @a20140429d2014 em y0chiy50 ea
101 0  @achi
102    @aCN@b350000
105    @ay z 000yy
106    @ar
200 1  @a民法(总论)教学案例@AMin Fa ( Zong Lun ) Jiao Xue An Li@f张纯编@FZhang Chun Bian
210    @a厦门@c厦门大学出版社@d2014.1
215    @a295页@d23cm
300    @a广州大学律师学书系
330    @a本书共分十一章,内容包括:民法概述、民法的基本原则、民事法律关系、自然人、合伙、法人、民事权利、物、民事行为、代理、期限与诉讼时效。
606 0  @a民法@x案例@y中国
606 0  @a民法
690    @aD923.05@v5
701  0 @a张纯@AZhang Chun@g(女,商法)@4编
801  0 @aCN@bTANGWEI@c20140603
905    @b0837838-40@dD923.05@e1183@f3
    
    民法(总论)教学案例/张纯编.-厦门:厦门大学出版社,2014.1
    295页;23cm
    广州大学律师学书系
    
    ISBN 978-7-5615-4916-2:CNY36.00
    本书共分十一章,内容包括:民法概述、民法的基本原则、民事法律关系、自然人、合伙、法人、民事权利、物、民事行为、代理、期限与诉讼时效。
●
相关链接 在E读中查询图书 在五车中查询图书 在当当中查询图书 在豆瓣中查询图书


正题名:民法(总论)教学案例     索取号:D923.05/1183         预约/预借

序号 登录号 条形码 馆藏地/架位号 状态 备注
1 0837838   208378389   第一样本阅览室/ [索取号:D923.05/1183] 在馆    
2 0837839   208378398   密集书库-史法系/ [索取号:D923.05/1183] 在馆    
3 0837840   208378405   第一借阅区/ [索取号:D923.05/1183] 在馆    
唐山师范学院图书馆 欢迎您!
大连网信软件有限公司© 版权所有